| 000 | 00398nam a2200157Ia 4500 | ||
|---|---|---|---|
| 005 | 20250402010409.0 | ||
| 008 | 240331s9999 xx 000 0 und d | ||
| 082 |
_bVAN _a894 |
||
| 100 | _aVanamaamalai, N | ||
| 245 | 0 |
_aPuthuk kavithai : _bmutpokkumpiypokkum |
|
| 250 | _a3rd | ||
| 260 |
_aChennai _bMakkal velyitu _c1978 |
||
| 300 | _a103 p ., | ||
| 500 | _aKavithaikalum Athanoodaga | ||
| 942 | _cL | ||
| 999 |
_c4215 _d4215 |
||